00553nam a2200169 i 450000100060000000300090000600500170001500700030003200800410003510000310007624500730010726000330018030000280021350000820024165100370032385200230036038071ES-MaACL20250820063025.0t|030224s1914 xxu ||||1| eng d1 aCabrera, Luis, d1876-195414aThe mexican situation from a mexican point of view / cLuis Cabrera. aNew York : b[s.n.], c1914. aP. [245]-261 ; c23 cm. aReprinted from The Journal of Race Development, Vol. 4, nº 3, January, 1914. 4aMéxico-xHistoria-z1910-1946. aES-MaACLj1565-F-6